Bramkarze Górnika Zabrze w XXI wieku - Statystyki

Ogólne statystyki
  • Ten quiz został rozwiązany 25 razy
    7 od ostatniego zresetowania
  • Średni wynik to 8 z 27
Statystyki odpowiedzi
Lata gry Narodowość Nazwisko % Poprawnych
2025-2026 Polska Marcel Łubik
100%
2017-2019 2025- Polska Tomasz Loska
100%
2018-2024 Polska Daniel Bielica
57%
2011-2013 Polska Łukasz Skorupski
57%
2013-2015 Łotwa Pāvels Šteinbors
57%
1997-2002 Polska Andrzej Bledzewski
43%
2007-2008 2011 Słowacja Boris Peškovič
43%
2024-2025 Polska Filip Majchrowicz
43%
2019-2021 Słowacja Martin Chudý
43%
2023-2025 Polska Michał Szromnik
43%
2004-2005 Polska Bartosz Białkowski
29%
2014-2017 Polska Grzegorz Kasprzik
29%
2015-2016 Polska Sebastian Przyrowski
29%
2010-2011 Polska Adam Stachowiak
14%
2021-2022 Polska Grzegorz Sandomierski
14%
2022 Niemcy Kevin Broll
14%
2006-2007 Polska Mateusz Sławik
14%
2002-2005 Polska Piotr Lech
14%
2015-2016 Polska Radosław Janukiewicz
14%
2008-2011 Polska Sebastian Nowak
14%
2004-2007 Polska Tomasz Laskowski
14%
2006 Niemcy Carsten Nulle
0%
2006 Polska Marcin Mańka
0%
2008-2009 Czechy Michal Václavík
0%
2001-2003 Polska Michał Wróbel
0%
2012-2014 Polska Norbert Witkowski
0%
2017-2018 Polska Wojciech Pawłowski
0%
Nie znaleziono quizów pasujących do podanych kryteriów
Rozkład punktacji
Procent ludzi z każdym wynikiem
Percentyl według liczby udzielonych odpowiedzi
Twoja historia wyników
Nie rozwiązałeś tego quizu od ostatniego zresetowania